Návrh odporúčaní pre zlepšenie uplatňovania informačných systémov v priemyselnom podniku (2020/2021)

Salvato in:
Dettagli Bibliografici
Autore principale: Poruban, Miloš (Autore)
Altri autori: Husovič, Rudolf (Relatore della tesi)
Natura: Manoscritto Libro
Lingua:slovacco
Pubblicazione: 2021
Soggetti:
Accesso online:http://is.stuba.sk/zp/portal_zp.pl?podrobnosti=139701
Tags: Aggiungi Tag
Nessun Tag, puoi essere il primo ad aggiungerne!!

MARC

LEADER 00000ntm a22000003a 4500
001 stuzp73324
003 SK-STU
005 20210703210321.7
007 ta
008 150427s2015----xo-----f-mn---000-0-slo-d
040 |a STU  |b slo 
041 0 |a slo 
100 1 |a Poruban, Miloš  |u 064000  |4 aut  |U MTF Materiálovotechnologická fakulta  |T MTF Ústav priemyselného inžinierstva a manažmentu  |X 77040  |U M4000  |Y 84  |7 77040 
242 0 1 |a Proposal of recommendations for improving the use of information systems in industrial enterprises (2020/2021)  |y eng 
245 1 0 |a Návrh odporúčaní pre zlepšenie uplatňovania informačných systémov v priemyselnom podniku (2020/2021) 
260 |c 2021 
650 4 |a HOS8  |2 slo 
650 4 |a Porter  |2 slo 
650 4 |a SWOT  |2 slo 
650 4 |a HOS8  |2 eng 
650 4 |a Porter  |2 eng 
650 4 |a SWOT  |2 eng 
700 1 |a Husovič, Rudolf  |u 064000  |k Z3  |4 ths  |U MTF Materiálovotechnologická fakulta  |T MTF Ústav priemyselného inžinierstva a manažmentu  |X 47014  |U M4000  |Y 84  |7 47014 
856 4 |u http://is.stuba.sk/zp/portal_zp.pl?podrobnosti=139701 
996 |c M* BP-9184  |l MMSKP  |s P  |a 0  |w stuzp73324_0001